Merač teploty v HF CVD reaktore s bezdrôtovým (optickým) prenosom informácie o teplote

Salvato in:
Dettagli Bibliografici
Autore principale: Kolmačka, Michal, 1984- (Autore)
Altri autori: Kadlečíková, Magdaléna, 1956- (Relatore della tesi), Kremničan, V. (Relatore della tesi)
Natura: Manoscritto Libro
Lingua:slovacco
Pubblicazione: Bratislava : STU v Bratislave FEI, 2007
Soggetti:
Tags: Aggiungi Tag
Nessun Tag, puoi essere il primo ad aggiungerne!!

MARC

LEADER 00000ntm a22000003a 4500
001 stu155607
005 20160719165053.4
008 080122s2007------------------------slo-d
040 |a STU  |b slo 
041 0 |a slo 
100 1 |a Kolmačka, Michal,  |d 1984-  |4 aut  |X 11771  |7 A000011771 
242 0 0 |a Optoelectronic Thermometer for HF CVD Reactor  |y eng 
245 1 |a Merač teploty v HF CVD reaktore s bezdrôtovým (optickým) prenosom informácie o teplote 
260 |a Bratislava :  |b STU v Bratislave FEI,  |c 2007 
300 |a 44 s  |c príl.3 s. 
650 7 |a Mikroelektronika  |2 stusub 
650 7 |a elektronika  |2 stusub 
650 7 |a reaktory  |2 stusub 
650 7 |a meranie teploty  |2 stusub 
700 1 |a Kadlečíková, Magdaléna,  |d 1956-  |4 ths  |u E030  |U FEI Fakulta elektrotechniky a informatiky  |T FEI Ústav elektroniky a fotoniky  |X 1899  |U E030  |Y 549  |7 A000001899 
700 1 |a Kremničan, V.  |4 ths